000 00307nam a2200133Ia 4500
100 _aBlack/Pery/O
942 _cBK
654 _amachine shop
245 _aAudels Machinists Basic Machine Shop practice
260 _bTaraporevala Sons & Co
_c2001
082 _a621.9
300 _a504
546 _aENGLISH
999 _c30025
_d30025